| 000 | 00789na a2200253 4500 | ||
|---|---|---|---|
| 001 | 22870 | ||
| 003 | MIRAKIL | ||
| 005 | 20181213155249.0 | ||
| 008 | 170228b tu 000 0 | ||
| 035 | _a17652 | ||
| 040 |
_aMilas _btur _cTR-AnCHP |
||
| 041 | _atur | ||
| 082 |
_a351.77256 _bŞ23i 2008 |
||
| 090 | _a351.77256 Ş23i 2008 | ||
| 100 | _aŞahin, Mehmet Ali | ||
| 245 |
_a2009 yılı bütçe sunuş konuşması _b(TBMM Plan ve Bütçe Komisyonu) _cMehmet Ali Şahin |
||
| 246 | _aTBMM Plan ve Bütçe Komisyonu | ||
| 260 |
_aAnkara _bMaliye Bakanlığı _c2008 |
||
| 300 |
_a47 s. _c24 sm. |
||
| 610 |
_aMaliye Bakanlığı _xKonuşmalar, 2008 _yBütçe |
||
| 610 |
_aMaliye Bakanlığı _xBütçe görüşmeleri |
||
| 650 |
_aTBMM _xMeclis konuşmaları |
||
| 942 |
_2ddc _cBKS |
||
| 999 |
_c9509 _d9509 |
||